Tafseer Al Kashaf (4-vol Set) / (Record no. 35577)
[ view plain ]
| 000 -LEADER | |
|---|---|
| fixed length control field | 00545nam a22001577a 4500 |
| 005 - DATE AND TIME OF LATEST TRANSACTION | |
| control field | 20240423113107.0 |
| 008 - FIXED-LENGTH DATA ELEMENTS--GENERAL INFORMATION | |
| fixed length control field | 240423b |||||||| |||| 00| 0 eng d |
| 082 ## - DEWEY DECIMAL CLASSIFICATION NUMBER | |
| Classification number | 297.1226 |
| Item number | QAS-T |
| 100 ## - MAIN ENTRY--AUTHOR | |
| Author Name | Imam Abu Qasim |
| 245 ## - TITLE STATEMENT | |
| Title | Tafseer Al Kashaf (4-vol Set) / |
| Statement of responsibility, etc. | Imam Abu Qasim |
| 260 ## - PUBLICATION, DISTRIBUTION, ETC. | |
| Place of Publication | Pakistan : |
| Name of publisher, distributor, etc. | Qadeemi Kutab Khana ; |
| 300 ## - PHYSICAL DESCRIPTION | |
| Pages | v-1 (729 p.), v-2 (703 p.), v-3 (629 p.), v-4 (764 p.) : |
| 500 ## - GENERAL NOTE | |
| General note | Set of 4 volumes . v-1 (729 p.), v-2 (703 p.), v-3 (629 p.), v-4 (764 p.) |
| 650 ## - SUBJECT ADDED ENTRY--TOPICAL TERM | |
| Subject / Department | Literarture / Islamic |
| 300 ## - PHYSICAL DESCRIPTION | |
| -- | 24 cm . |
| 952 ## - LOCATION AND ITEM INFORMATION (KOHA) | |
| -- | 0 |
| -- | 0 |
| 952 ## - LOCATION AND ITEM INFORMATION (KOHA) | |
| -- | 0 |
| -- | 0 |
| 952 ## - LOCATION AND ITEM INFORMATION (KOHA) | |
| -- | 0 |
| -- | 0 |
| 952 ## - LOCATION AND ITEM INFORMATION (KOHA) | |
| -- | 0 |
| -- | 0 |
| Lost status | Damaged status | Collection code | Permanent Location | Current Location | Shelving Location | Date acquired | Full Call Number | Accession No./Barcode | Date last seen | Copy number | item type | Koha item type |
|---|---|---|---|---|---|---|---|---|---|---|---|---|
| Literature/Urdu/eng/Islamic | Superior Information Resource Center (SIRC) Superior University- Central Library | Superior Information Resource Center (SIRC) Superior University- Central Library | Literature | 04/23/2024 | 297.1226 QAS-T | 29319 | 04/26/2024 | 1 | BOOK | BOOK | ||
| Literature/Urdu/eng/Islamic | Superior Information Resource Center (SIRC) Superior University- Central Library | Superior Information Resource Center (SIRC) Superior University- Central Library | Literature | 04/23/2024 | 297.1226 QAS-T | 29320 | 04/26/2024 | 2 | BOOK | BOOK | ||
| Literature/Urdu/eng/Islamic | Superior Information Resource Center (SIRC) Superior University- Central Library | Superior Information Resource Center (SIRC) Superior University- Central Library | Literature | 04/23/2024 | 297.1226 QAS-T | 29321 | 04/26/2024 | 3 | BOOK | BOOK | ||
| Literature/Urdu/eng/Islamic | Superior Information Resource Center (SIRC) Superior University- Central Library | Superior Information Resource Center (SIRC) Superior University- Central Library | Literature | 04/23/2024 | 297.1226 QAS-T | 29322 | 04/26/2024 | 4 | BOOK | BOOK |
